Quizzes
Events
Quiz Creation
Community
Videos
Private Events
Remove Ads
Sign In
Join for FREE
Feedback
Dark Mode
Quiz Categories
Sports
Geography
Music
Movies
Television
Just For Fun
Miscellaneous
History
Literature
Language
Science
Gaming
Entertainment
Religion
Holiday
For Kids
Quiz Lab
Recent
Popular Today
Quiz Kudos Today
Editor Picks
Curator Picks
Quizzes by...
Day
Popularity
Type
Ratings
Length
Year
Community
Subscriptions
Recent Discussions
Orange Saloon
Badges
Playlists
Quests
Create
Leaderboards
Showdown
Live 5
Trivia Bingo
Activity
Puzzle Library
Sporcle Events
Private Events
Virtual Trivia
Globe League
Become a Host
Pub Owners
SporcleCon
Opinionation
Our Games
Videos
Blog
Mobile Apps
Partnerships
Remove Ads and Go Orange
Feedback
Sports
Athletes
MLB
NBA
NHL
NFL
Soccer
Sports Teams
WWE
NCAA
Football
Premier League
Basketball
Baseball
Hockey
Golf
Tennis
Cricket
Rugby
Auto Racing
Olympics
World Cup
Sports
Athletes
MLB
NBA
NHL
NFL
Soccer
Sports Teams
WWE
NCAA
Football
Premier League
Basketball
Baseball
Hockey
Golf
Tennis
Cricket
Rugby
Auto Racing
Olympics
World Cup
Random Quiz
Search Sporcle
×
Quiz Lab
Quiz Lab
Sports
honor
Type in answers that appear in a list
Type in answers that appear in a list
Classic
Best Score? Go Orange.
Ring of Honor Main Events - 2004 Stats
Can you name the wrestlers that competed in the main events of Ring of Honor's 2004 events?
By
2mbs
8m
104 Questions
179 Plays
179 Plays
179 Plays
Comments
Comments
Give Quiz Kudos
Give Quiz Kudos
-
- Ratings
hide this ad
More Info
Replay
Link that replays current quiz
Next Quiz
Link to next quiz in quiz playlist
You Got
0%
They Got
Avg Score
86%
Avg Friend Score
Upgrade to see
Score Distribution
Jump to the score distribution portion of the page
Score
0/104
Timer
08:00
0
Plays Today
Event
Wrestler
% Correct
The Battle Lines Are Drawn
Christopher Daniels
100%
The Last Stand
Samoa Joe
100%
Reborn: Stage 1
Samoa Joe
100%
Generation Next
Samoa Joe
100%
Survival Of The Fittest
Samoa Joe
100%
Reborn: Completion
Samoa Joe
100%
The Midnight Express Reunion
Samoa Joe
100%
Joe Vs. Punk II
Samoa Joe
100%
Weekend of Thunder Night 2
Samoa Joe
100%
All Star Extravaganza II
Samoa Joe
100%
Final Battle 2004
Samoa Joe
100%
The Battle Lines Are Drawn
CM Punk
99.4%
Second Anniversary Show
CM Punk
99.4%
Reborn: Stage 2
CM Punk
99.4%
The Round Robin Challenge III
CM Punk
99.4%
Death Before Dishonor II Part 1
CM Punk
99.4%
Death Before Dishonor II Part 2
CM Punk
99.4%
Gold
CM Punk
99.4%
Joe Vs. Punk II
CM Punk
99.4%
All Star Extravaganza II
CM Punk
99.4%
Do Or Die III
Josh Daniels
97.8%
The Last Stand
Jay Briscoe
97.2%
The Last Stand
Mark Briscoe
97.2%
Reborn: Stage 2
Jay Briscoe
97.2%
Reborn: Stage 2
Mark Briscoe
97.2%
The Round Robin Challenge III
Jay Briscoe
97.2%
The Round Robin Challenge III
Mark Briscoe
97.2%
World Title Classic
Jay Briscoe
97.2%
World Title Classic
Mark Briscoe
97.2%
Survival Of The Fittest
Bryan Danielson
97.2%
Survival Of The Fittest
Mark Briscoe
97.2%
Reborn: Completion
Jay Briscoe
97.2%
Reborn: Completion
Mark Briscoe
97.2%
Death Before Dishonor II Part 1
Jay Briscoe
97.2%
Death Before Dishonor II Part 1
Mark Briscoe
97.2%
Event
Wrestler
% Correct
Testing The Limit
Bryan Danielson
97.2%
The Midnight Express Reunion
Bryan Danielson
97.2%
Weekend of Thunder Night 1
Bryan Danielson
97.2%
Weekend of Thunder Night 2
Bryan Danielson
97.2%
The Battle Lines Are Drawn
Colt Cabana
95.5%
Reborn: Stage 2
Colt Cabana
95.5%
The Round Robin Challenge III
Colt Cabana
95.5%
World Title Classic
Colt Cabana
95.5%
Survival Of The Fittest
Colt Cabana
95.5%
Death Before Dishonor II Part 1
Colt Cabana
95.5%
World Title Classic
Austin Aries
94.4%
Survival Of The Fittest
Austin Aries
94.4%
Testing The Limit
Austin Aries
94.4%
Gold
Austin Aries
94.4%
Final Battle 2004
Austin Aries
94.4%
Second Anniversary Show
AJ Styles
93.3%
Reborn: Stage 1
Homicide
93.3%
Generation Next
Homicide
93.3%
Survival Of The Fittest
Homicide
93.3%
Reborn: Completion
Homicide
93.3%
The Battle Lines Are Drawn
Ace Steel
91.1%
World Title Classic
Ace Steel
91.1%
Death Before Dishonor II Part 2
Ace Steel
91.1%
Gold
Ace Steel
91.1%
Glory By Honor III
Roderick Strong
91.1%
The Battle Lines Are Drawn
Dan Maff
87.2%
World Title Classic
Dan Maff
87.2%
World Title Classic
Jack Evans
87.2%
Death Before Dishonor II Part 2
Dan Maff
87.2%
Scramble Cage Melee
Jack Evans
87.2%
Scramble Cage Melee
Dan Maff
87.2%
Glory By Honor III
Dan Maff
87.2%
Gold
Jack Evans
87.2%
Glory By Honor III
Jack Evans
87.2%
Weekend of Thunder Night 2
Low Ki
83.8%
Event
Wrestler
% Correct
The Battle Lines Are Drawn
BJ Whitmer
82.1%
World Title Classic
BJ Whitmer
82.1%
Death Before Dishonor II Part 2
BJ Whitmer
82.1%
Scramble Cage Melee
BJ Whitmer
82.1%
Glory By Honor III
BJ Whitmer
82.1%
Gold
Alex Shelley
78.2%
At Our Best
Dixie
76%
At Our Best
Izzy
75.4%
Weekend of Thunder Night 1
Jushin Liger
74.3%
Weekend of Thunder Night 2
Jushin Liger
74.3%
Reborn: Completion
Ricky Reyes
73.7%
Glory By Honor III
Ricky Reyes
73.7%
At Our Best
HC Loc
72.6%
Reborn: Completion
Rocky Romero
72.6%
Scramble Cage Melee
HC Loc
72.6%
Glory By Honor III
Rocky Romero
72.6%
Glory By Honor III
HC Loc
72.6%
At Our Best
Tony DeVito
70.4%
Scramble Cage Melee
Dunn
70.4%
Scramble Cage Melee
Tony DeVito
70.4%
Glory By Honor III
Tony DeVito
70.4%
Scramble Cage Melee
Marcos
69.3%
Gold
Jimmy Jacobs
67%
At Our Best
Deranged
63.7%
Scramble Cage Melee
Trent Acid
61.5%
The Last Stand
Jerry Lynn
59.8%
At Our Best
Justin Credible
57%
At Our Best
Masada
56.4%
Scramble Cage Melee
Altar Boy Luke
47.5%
Scramble Cage Melee
Diablo Santiago
47.5%
At Our Best
Slim J
46.9%
Do Or Die III
B-Boy
46.9%
Scramble Cage Melee
Oman Tortuga
45.3%
Scramble Cage Melee
Fast Eddie
42.5%
Quiz Playlist
Details
Report
Send in Message
Add To Playlist
More Info:
In this game, the main event will always be the last match of the event.
Classic:
Type in answers that appear in a list
Quiz Source
Last Updated: Feb 16, 2017
Quiz Scoreboard
CHALLENGE
Sign Up to Join the Scoreboard
Show All
Scores
Hide
Comments
May contain spoilers
Recently Published
9x9 Crossword: Cartoon Network
by jackfrog10
Miscellaneous
3m
College Basketball Coaching Resumes
by pancakes188
Sports
9m
Billboard Blitz: Fleetwood Mac
by CooCooCachoo
Music
15s
More to Explore
Quiz From the Vault
Featured Blog Post
Where Did the Easter Bunny Come From?
hide this ad
You Might Also Like...
Tags
2004
Competed
detail
Event
honor
Matching
Ring
Wrestlers
Today's Top Quizzes in Sports
Browse Sports
hide this ad
Today's Top Quizzes in honor
Browse honor
Top Contributed Quizzes in Sports
1
2022 World Cup Stars
2
Les meilleurs buteurs des matchs entre le PSG et l’OM
3
FIFA Club World Cup Champions
4
Les entraîneurs de l'OM et du PSG au 21e siècle
5
Criteria MLB: Left Handed Sluggers
6
2023 MLB Unique Player Accomplishments
7
AFC Teams Reveal (Wrong Answers Minefield)
8
Players with Multiple 50 Home Run Seasons
9
5-to-1: FBS Animal Nicknames
10
5-to-1: UK Sports Teams
Explore More
Trending Topics
Anime
Harry Potter
Disney
Marvel
NBA
Crossword
Kpop
WWE
NFL
Pokémon
The Office
Country
Song
Soccer
Puzzle
hide this ad
More By:
2mbs
Quiz
Plays
Rating
Category
Featured
Created
Runner-Up to Dale Earnhardt
13,882
4.23
Sports
Mar 14, 2010
Bill Goldberg WCW/WWE PPV Opponents
13,040
3.96
Sports
Feb 21, 2010
Bill Goldberg's WCW Undefeated Streak
8,418
4.13
Sports
Sep 19, 2011
Trish Stratus WWF/WWE PPV Opponents
7,232
3.90
Sports
Feb 1, 2010
Sting TNA PPV Opponents
6,066
3.96
Sports
Nov 15, 2009
Go to Creator's Profile
Score Distribution
Quiz Creator Spotlight
2mbs
Follow
Send a Message
Quizzes Created
-
Created Quiz Play Count
-
More By This Creator
Popular Quizzes Today
1
Find the US States - No Outlines Minefield
2
Find the Countries of Europe - No Outlines Minefield
3
The Countries of the World
4
Find the US States
5
Risky Map Clicking: Biggest States A-Z
6
US States
7
Popular People in 1961
8
Movies - When Are They Set?
More Sports Quizzes
Top 30 Scorers for Brendan Rodgers
Quiz Lab
Trending Quizzes
Risky Map Clicking: Least Populous States A-Z
1-10 Letter G Words
Risky Map Clicking: Next State Alphabetically
Adjectives in 80s TV Shows
The Seven Year Switch: Catherine
Recently Updated
Leaping Animals
pecheneg
Reality TV Shows (A-Z)
bhenderson79
Rickey Henderson's Hall of Fame Teammates
pecheneg
Champions League XIs: Arsenal
pecheneg
Quick Pick: Celebrities in WWE's Hall of Fame
aduchscher
A-Z Keypad Blitz II
pecheneg
Multiple Oscar Actors
pecheneg
Mystery Phrase Blitz: Oscar 'Best Actors'
pecheneg
F. Scott Fitzgerald Novels
LTH
Pick 3 Villains
ddd62291
Trending Topics
Crossword
Harry Potter
NBA
Marvel
Anime
Disney
Kpop
Pokémon
Country
Puzzle
NFL
The Office
Soccer
WWE
Song
Your Account Isn't Verified!
In order to create a playlist on Sporcle, you need to verify the email address you used during registration. Go to your
Sporcle Settings
to finish the process.
Report this User
Report this user for behavior that violates our
Community Guidelines
.
Details:
Send Report
Go to the Sporcle.com Mobile Site →
Comments